000
00398nam a22001457a 4500
003
macl
005
20190116145146.0
008
190116b xxu||||| |||| 00| 0 eng d
040
_c
macl
100
_a
वर्मा, शुभा
_9
45632
245
_a
कृतिका
260
_a
दिल्ली
_b
अपरा
_c
2016
650
_a
उपन्यास
_9
73666
942
_2
ddc
_c
HIN
999
_c
58900
_d
58900